00841nam a2200241 a 450000500170000000800410001701000140005802000260007203500130009803700150011104000180012608200180014410000340016224500780019626000470027427000520032130000270037350000500040052000290045065000410047965000610052070000180058120090806113742.0990813s1999 ii b 001 0 eng  aENG-94642 a9788125926573c550.00 aEN-78175 bDBAD / PUB adplbEnglish  a658.049091724 aRao, M. B.q(Medury Bhaskara) aJoint venture in international business /cby M.B. Rao [and] Manjula Guru aNew Delhi :bVikas Publishing House c2009 a576, Masjid Road, Jangpura bNew Delhi e110014 axx, 446p. c25cm(pbk)  aIncludes bibliographical references and index aWith reference to India. aJoint venturesyDeveloping countries aInternational business enterpriseszDeveloping countries aManjula Guru